Designing Sustainability for All (Record no. 92815)
[ view plain ]
| 000 -LEADER | |
|---|---|
| fixed length control field | 01772nam a2200277Ii 4500 |
| 008 - FIXED-LENGTH DATA ELEMENTS--GENERAL INFORMATION | |
| fixed length control field | 221202s xx 000 0 und d |
| 245 #0 - TITLE STATEMENT | |
| Title | Designing Sustainability for All |
| 246 ## - VARYING FORM OF TITLE | |
| Title proper/short title | The Design of Sustainable Product-Service Systems Applied to Distributed Economies |
| 264 ## - PRODUCTION, PUBLICATION, DISTRIBUTION, MANUFACTURE, AND COPYRIGHT NOTICE | |
| Name of producer, publisher, distributor, manufacturer | Springer Nature |
| Date of production, publication, distribution, manufacture, or copyright notice | 2021 |
| 300 ## - PHYSICAL DESCRIPTION | |
| Extent | 1 online resource (142 pages) |
| 336 ## - CONTENT TYPE | |
| Content type term | text |
| Content type code | txt |
| Source | rdacontent |
| 337 ## - MEDIA TYPE | |
| Media type term | computer |
| Media type code | c |
| Source | rdamedia |
| 338 ## - CARRIER TYPE | |
| Carrier type term | online resource |
| Carrier type code | cr |
| Source | rdacarrier |
| 490 ## - SERIES STATEMENT | |
| Series statement | Lecture Notes in Mechanical Engineering |
| 520 ## - SUMMARY, ETC. | |
| Summary, etc. | This open access book introduces design for Sustainable Product-Service Systems (S.PSS) and for Sustainable Distributed Economies (S.DE). These are introduced as technical and operative tools for the development of a new generation of designers, responsible and capable of designing environmentally, socially and economically sustainable solutions, accessible to all. The book provides a comprehensive framework and also practical tools to support the system design for sustainability process. It overviews methodologies, tools and strategies for Sustainable PSS design applied to Distributed Economies (DE) and provides strategies and design guidelines. All of these are highlighted and expanded upon with international case studies. |
| 653 ## - INDEX TERM--UNCONTROLLED | |
| Uncontrolled term | Development And Sustainability |
| 653 ## - INDEX TERM--UNCONTROLLED | |
| Uncontrolled term | Engineering Design |
| 653 ## - INDEX TERM--UNCONTROLLED | |
| Uncontrolled term | Industrial And Production Engineering |
| 653 ## - INDEX TERM--UNCONTROLLED | |
| Uncontrolled term | Management |
| 653 ## - INDEX TERM--UNCONTROLLED | |
| Uncontrolled term | Sustainability Management |
| 700 1# - ADDED ENTRY--PERSONAL NAME | |
| Personal name | Garcia Parra, Brenda |
| 700 1# - ADDED ENTRY--PERSONAL NAME | |
| Personal name | Kohtala, Cindy |
| 700 1# - ADDED ENTRY--PERSONAL NAME | |
| Personal name | Vezzoli, Carlo |
| 856 ## - ELECTRONIC LOCATION AND ACCESS | |
| Uniform Resource Identifier | <a href="https://docs.google.com/spreadsheets/d/1yKIrdCPDAG_9c22mwoOIO2DOhtj65Wqa/edit?usp=sharing&ouid=106555315294820607512&rtpof=true&sd=true ">https://docs.google.com/spreadsheets/d/1yKIrdCPDAG_9c22mwoOIO2DOhtj65Wqa/edit?usp=sharing&ouid=106555315294820607512&rtpof=true&sd=true </a> |
| Link text | List of Curated E-Books |
| 942 ## - ADDED ENTRY ELEMENTS (KOHA) | |
| Koha item type | E-Book |
No items available.